Géographie de l'Australie. - Statistiques

Statistiques générales
  • Ce quiz a été pris 186 fois
  • Le résultat moyen est 9 sur 17
Statistiques - réponses
Questions Réponses % Correct
Quels océans bordent l'Australie? Océan {Pacifique}
97%
Quelle est la capitale de l'Australie? Canberra
96%
Océan {Indien}
96%
Quelle est la plus grande ville d'Australie? Sydney
95%
Quelle ville australienne a accueille les Jeux Olympiques de 1956? Melbourne
86%
Mer de {Tasman}
86%
Quelle est la deuxième plus grande île australienne? Tasmanie
77%
Quel est le pays le plus proche de l'Australie? Papouasie-Nouvelle-Guinée
76%
De combien de territoires et d'états est composée l'Australie? 16
64%
Quel est le plus grand? Australie-Occidentale
43%
Quelles mers? Mer de {Timor}
26%
Quels sont les deux plus grands fleuves d'Australie? Murray River
22%
Golfe de {Carpentarie}
11%
Quel est le point culminant de l'Australie? Mont {Kosciuszko}
11%
Quel est le plus grand lac d'Australie? Lac {Eyre}
9%
Mer d'{Arafura}
9%
Burdekin River
1%
Aucun quiz correspondant
Distribution des résultats
% des personnes avec chaque résultat
Percentile par nombre de réponses
Votre historique - résultats
Vous n’avez pas pris ce quiz